hey stephen - taylor swift - Statistics

General Stats
  • This quiz has been taken 12 times
  • The average score is 275 of 414
Answer Stats
lyrics % Correct
be
100%
i
100%
a
89%
an
89%
been
89%
hey
89%
in
89%
it
89%
i've
89%
like
89%
look
89%
me
89%
no
89%
on
89%
stephen,
89%
the
89%
there
89%
you
89%
you?
89%
angel
78%
but
78%
can
78%
can't
78%
come
78%
do
78%
feel
78%
feeling
78%
for
78%
girls
78%
girls,
78%
help
78%
if
78%
kiss
78%
know
78%
looks
78%
magic
78%
met
78%
one
78%
rain,
78%
since
78%
so
78%
they
78%
this
78%
wanna
78%
we
78%
when
78%
all
67%
all,
67%
and
67%
beautiful,
67%
beautiful
67%
'cause
67%
deceiving
67%
don't
67%
ha
67%
it's
67%
my
67%
oh,
67%
oh
67%
song
67%
there's
67%
those
67%
why
67%
would
67%
write
67%
your
67%
always
56%
didn't
56%
else
56%
light
56%
myself
56%
saw
56%
should
56%
talk,
56%
they're
56%
think
56%
to
56%
walk,
56%
were
56%
you're
56%
50
44%
are
44%
as
44%
at
44%
choose
44%
could
44%
give
44%
i'd
44%
i'll
44%
reasons
44%
same
44%
walked
44%
well,
44%
change
33%
cold
33%
even
33%
ever
33%
half
33%
leaving?
33%
mh
33%
mh,
33%
people
33%
say
33%
seen
33%
stay
33%
talking
33%
that
33%
things
33%
waiting
33%
wanted
33%
way
33%
window,
33%
wonderful,
33%
alone
22%
believing
22%
boy,
22%
got
22%
have
22%
here
22%
ho
22%
mhmm
22%
mhmm,
22%
might
22%
name
22%
never
22%
of
22%
out
22%
rocks
22%
some
22%
thought
22%
tossing
22%
holding
11%
lights,
11%
mmh,
11%
mmh
11%
now,
11%
others
11%
perfect
11%
shine
11%
shine,
11%
stephan,
11%
street
11%
tonight?
11%
aren't
0%
back
0%
dimming
0%
i'm
0%
near
0%
nobody
0%
pull
0%
No matching quizzes found
Score Distribution
Percent of People with Each Score
Percentile by Number Answered
Your Score History
You have not taken this quiz